• 首页
  • 本馆介绍
  • 公告通知
  • 最新文献
  • 馆藏检索
  • 电子资源
  • 读者荐购
  • 参考咨询
  • CALIS
  • 我的图书馆
  • 登录
  • 详细信息显示
  • 放入我的书架
  • 预约/预借图书
  • 作者相关作品
  • 分类相关作品
  • 丛书相关作品
  • 出版社相关作品

书目信息

  • 表格格式
  • 工作单格式
  • 卡片格式
题名:
2022全国一级注册建筑师资格考试历年真题解析与模拟试卷
    
 
作者: 王湘莉 主编
分册:   建筑方案设计(作图题)
出版信息: 北京   中国电力出版社  2022.01
页数: 301页
开本: 26cm
丛书名:
单 册:
中图分类: TU-44 , TU201-44
科图分类:
主题词: 建筑师--jian zhu shi--资格考试--试题 , 建筑方案--jian zhu fang an--建筑设计--资格考试--试题
电子资源:
ISBN: 978-7-5198-6052-3
 
 
 
 
 
000 01171nam0 2200253 450
001 011025153823
005 20221025153823.0
010    @a978-7-5198-6052-3@dCNY79.00
100    @a20201004d2022 em y0chiy0120 ea
101 0  @achi
102    @aCN@b110000
105    @ay zq 000yy
106    @ar
200 1  @a2022全国一级注册建筑师资格考试历年真题解析与模拟试卷@A2022quan guo yi ji zhu ce jian zhu shi zi ge kao shi li nian zhen ti jie xi yu mo ni shi juan@i建筑方案设计(作图题)@f王湘莉主编
210    @a北京@c中国电力出版社@d2022.01
215    @a301页@d26cm
300    @a2022电力版
330    @a本书分为八章,前七章介绍了考试相关情况及备考建议,并对各种类型建设及设计要点进行了讲解,第八章收录了2003~2020年(除2015、2016年)的全国一级建筑师资格考试建筑方案设计(作图题)科目的全部考试试题,并将这些题目进行分析和解答,归纳了解题思路和方法,每套题目还给出了参考答案和评分标准,最后给出一套模拟试卷(基于2021年真题)。
606 0  @a建筑师@Ajian zhu shi@x资格考试@j试题
606 0  @a建筑方案@Ajian zhu fang an@x建筑设计@x资格考试@j试题
690    @aTU-44@v5
690    @aTU201-44@v5
701  0 @a王湘莉@Awang xiang li@4主编
905    @a河南城建学院图书馆@dTU-44@eW3831
    
    2022全国一级注册建筑师资格考试历年真题解析与模拟试卷.建筑方案设计(作图题)/王湘莉主编.-北京:中国电力出版社,2022.01
    301页;26cm
    2022电力版
    
    ISBN 978-7-5198-6052-3:CNY79.00
    本书分为八章,前七章介绍了考试相关情况及备考建议,并对各种类型建设及设计要点进行了讲解,第八章收录了2003~2020年(除2015、2016年)的全国一级建筑师资格考试建筑方案设计(作图题)科目的全部考试试题,并将这些题目进行分析和解答,归纳了解题思路和方法,每套题目还给出了参考答案和评分标准,最后给出一套模拟试卷(基于2021年真题)。
●
相关链接 在E读中查询图书 在当当中查询图书 在豆瓣中查询图书


正题名:2022全国一级注册建筑师资格考试历年真题解     索取号:TU-44/W3831         预约/预借

序号 登录号 条形码 馆藏地/架位号 状态 备注
1 1589645   215896458   建筑库101/101建筑库 12排1列5层/ [索取号:TU-44/W3831] 在馆    
2 1589646   215896467   建筑库101/101建筑库 12排1列5层/ [索取号:TU-44/W3831] 在馆    
河南城建学院图书馆 欢迎您!
大连网信软件有限公司© 版权所有